000 00550nam a2200193 a 4500
999 _c9466
_d9466
001 9466
003 BD-JhCC
005 20180314171942.0
008 180314s1973 iq |||| || | 000 0 eng d
035 _a(BD-JhCC)9466
040 _aBD-JhCC
_dBD-JhCC
041 _aeng
082 _a320.956
_bWHA 1973
245 _aWhat is Happening in the area ? and whither ? /
260 _aBaghdad :
_bAl- Hurriya Printing House Government Press,
_c1973.
300 _a75 p. :
_c20 cm.
650 _aPolitics and government
_zMiddle east Conflict
942 _2ddc
_cBK